00868nam a2200277Ia 4500008004000000020001800040041000800058082001700066100001700083245007100100260004600171300001000217650000700227650001400234650001700248650001100265650000700276650000900283650001600292650001400308650000800322690003600330906001100366999001900377952019400396210210b2012 xxu||||| |||| 00| 0 eng d a9780198068476 aeng a320.954 KOHP aKOHLI (Atul) aDemocracy and development in India: from socialism to pro-business aNew DelhibOxford University Pressc2012 ax,447 ato asocialism apro-business aIndia: ain afrom adevelopment aDemocracy aand aPolitical Situation & Condition a066471 c147728d147728 00102ddc40708Human RightsaALbALd2021-02-17eSapna Book House Pvt Ltd, K S Rao Road, Mangalore-575001g395.00l2o320.954 KOHPp066471r2024-05-22 00:00:00s2023-07-17w2021-02-17yBK